000 00519nam a2200145Ia 4500
008 100204s9999 xx 000 0 und d
082 _b4064
100 _aजोगळेकर योगिनी
245 _aशेळी गेला जिवानिशी
260 _b"उदयदीप प्रकाशन , मुंबई"
_c1977
300 _a190
630 _aशेळी गेला जिवानिशी
730 _aशेळी गेला जिवानिशी
942 _cBOOK
999 _c448897
_d448894